Bici Zen: ciclismo urbano como camino

Guardat en:
Dades bibliogràfiques
Autor principal: Kreimer, Juan Carlos (Autor)
Format: Llibre
Idioma:espanyol
Publicat: Santiago Catalonia 2013
Matèries:
Etiquetes: Afegir etiqueta
Sense etiquetes, Sigues el primer a etiquetar aquest registre!

MARC

LEADER 00000cam a2200000 a 4500
001 UCF7828
003 CL-VaPUC
008 130711e20130000CL |||||||||||||||||spa|d
020 |a 9789563241488 
082 0 4 |a 796  |b KRE  |2 21 
100 |a Kreimer, Juan Carlos  |e author  |9 569932 
245 1 0 |a Bici Zen: ciclismo urbano como camino 
300 |a 240 p 
942 |c BK 
945 |d 20130711 00:00:00  |a dcastane 
260 |a Santiago  |b Catalonia  |c 2013 
650 7 |a DEPORTES Y RECREACION  |2 CL-VaPUC  |9 395922 
650 7 |a CICLISMO  |2 CL-VaPUC  |9 308216 
583 |a last modification  |c 20130711 11:26:00  |k Rodrigo Vera 
999 |c 352582  |d 352580 
952 |0 0  |1 0  |4 0  |6 796_000000000000000_KRE_2013  |7 0  |8 A  |9 457160  |a BIBING  |b BIBING  |d 2019-11-22  |i 4983246  |o 796 KRE 2013  |p 4983246  |r 2025-01-20  |w 2019-11-22  |y BK  |k CUI